Fòrum de regidors i regidores de cultura : patrimoni cultural, memòria i identitat local patrimoni cultural, memòria i identitat local
Publicado:
Barcelona :
Diputació de Barcelona. Àrea de Cultura. Centre d'Estudis i Recursos Culturals ,
2009
Descripción Física:
31 p. ; 29 cm
MARC
| LEADER | 00000nam a2200000Ia 4500 | ||
|---|---|---|---|
| 001 | 21938 | ||
| 008 | 160829s2009 xx 000 0 cat d | ||
| 080 | |a FU-52-21 | ||
| 245 | |a Fòrum de regidors i regidores de cultura : |b patrimoni cultural, memòria i identitat local | ||
| 260 | |a Barcelona : |b Diputació de Barcelona. Àrea de Cultura. Centre d'Estudis i Recursos Culturals, |c 2009 | ||
| 300 | |a 31 p. ; |c 29 cm | ||
| 590 | |a Bibliografia | ||
| 651 | 0 | |a Barcelona (Catalunya : Província) |x Política cultural |9 53523 | |
| 710 | 1 | |a Barcelona (Catalunya : Província). |b Centre d'Estudis i Recursos Culturals |9 52487 | |
| 710 | 1 | |a Barcelona (Catalunya : Província). |b Àrea de Cultura |9 53536 | |
| 901 | |a Arxiu | ||
| 942 | |n 1 | ||
| 952 | |0 0 |1 0 |4 0 |6 FU5221 |7 1 |9 51999 |a Arxiu |b Arxiu |d 2016-12-01 |l 0 |o FU-52-21 |p 21938 |r 2016-12-01 00:00:00 |w 2016-12-01 |y ARXIU | ||
| 999 | |c 55846 |d 55846 | ||